Problems in analysis /

Guardado en:
Autor Principal: Gelbaum, Bernard R.
Formato: Libro
Idioma:English
Publicado: New York : Springer-Verlag, c1982.
Series:Problem books in mathematics
Materias:
Etiquetas: Agregar Etiqueta
Sin Etiquetas, Sea el primero en etiquetar este registro!
LEADER 00794pam a2200229 a 4500
001 MAT.inmabb003741
008 820707s1982####nyua#####b####001#0#eng##
005 20130312113306.0
245 1 0 |a Problems in analysis /  |c Bernard Gelbaum. 
260 |a New York :  |b Springer-Verlag,  |c c1982. 
300 |a vii, 228 p. :  |b il. ;  |c 25 cm. 
440 0 |a Problem books in mathematics 
500 |a Contiene 518 problemas con sus soluciones. 
504 |a Incluye referencias bibliográficas (p. 203-204) e índice. 
510 4 |a MR,  |c 84b:00006 
020 |a 0387906924 
100 1 |a Gelbaum, Bernard R. 
650 0 |a Mathematical analysis  |x Problems, exercises, etc. 
084 |a 00A07 (26-01 28-01 46-01)  |2 msc2000 
010 |a  82010465  
040 |a DLC  |c DLC  |d DLC 
859 |h 00A07  |i G314  |p A-5917  |b BIB. MATEMATICA